Flood prevention (Record no. 68494)
[ view plain ]
| 000 -LEADER | |
|---|---|
| fixed length control field | 01085cam a2200229 4500 |
| 001 - CONTROL NUMBER | |
| control field | ABS64532 |
| 008 - FIXED-LENGTH DATA ELEMENTS--GENERAL INFORMATION | |
| fixed length control field | 011005n2001 000 0 eng u |
| 035 ## - SYSTEM CONTROL NUMBER | |
| System control number | (Sirsi) u115013 |
| 100 ## - MAIN ENTRY--PERSONAL NAME | |
| Personal name | D'Arcy, B. |
| 245 ## - TITLE STATEMENT | |
| Title | Flood prevention |
| 260 ## - PUBLICATION, DISTRIBUTION, ETC. | |
| Date of publication, distribution, etc. | 2001 |
| 490 ## - SERIES STATEMENT | |
| Series statement | Surveyor |
| Volume/sequential designation | 188(5649) 20 September 2001, 20-22(3) |
| 520 ## - SUMMARY, ETC. | |
| Summary, etc. | Ponds, wetlands and permeable surfaced car parks can all play a role in flood prevention as forms of sustainable urban drainage systems (SUDS). As well as dealing with water quality and flooding issues, SUDS can also provide a better habitat for wildlife compared with conventional drainage systems. 300 SUDS are currently the focus of a major monitoring and research project in Scotland. Discusses some of the projects being conducted by the Scottish Universities SUDS Monitoring Group. Graph and tables. |
| 590 ## - LOCAL NOTE (RLIN) | |
| Local note | ABS |
| 650 ## - SUBJECT ADDED ENTRY--TOPICAL TERM | |
| Topical term or geographic name entry element | PONDS |
| 650 ## - SUBJECT ADDED ENTRY--TOPICAL TERM | |
| Topical term or geographic name entry element | WETLANDS |
| 650 ## - SUBJECT ADDED ENTRY--TOPICAL TERM | |
| Topical term or geographic name entry element | FLOOD PREVENTION |
| 650 ## - SUBJECT ADDED ENTRY--TOPICAL TERM | |
| Topical term or geographic name entry element | DRAINAGE SYSTEMS |
| 650 ## - SUBJECT ADDED ENTRY--TOPICAL TERM | |
| Topical term or geographic name entry element | SUSTAINABLE URBAN DRAINAGE SYSTEMS |
| 690 ## - LOCAL SUBJECT ADDED ENTRY--TOPICAL TERM (OCLC, RLIN) | |
| Topical term or geographic name as entry element | ENVIRONMENTAL AND LAND CONSULTANCY |
| 942 ## - ADDED ENTRY ELEMENTS (KOHA) | |
| Suppress in OPAC | 0 |
| Withdrawn status | Lost status | Source of classification or shelving scheme | Damaged status | Not for loan | Home library | Current library | Shelving location | Date acquired | Total Checkouts | Full call number | Barcode | Date last seen | Copy number | Price effective from | Koha item type |
|---|---|---|---|---|---|---|---|---|---|---|---|---|---|---|---|
| Dewey Decimal Classification | London | London | Journal article | 05/10/2001 | ABS64532 | 115013-1001 | 06/08/2019 | 1 | 06/08/2019 | Journal article |